[Event "MEX-ch 26 (Women)"]
[Site "Merida"]
[Date "2019.05.17"]
[Round "6"]
[White "Coronado Osorio, Sofia Abig"]
[Black "Alarcon Morales, Elvira"]
[Result "0-1"]
[WhiteElo "1522"]
[BlackElo "1973"]
[PlyCount "102"]
[EventDate "2019.05.12"]
[EventType "swiss"]
[EventRounds "6"]
[EventCountry "MEX"]
[SourceTitle "EXT 2020"]
[Source "ChessBase"]
[SourceDate "2019.10.17"]
[SourceVersion "1"]
[SourceVersionDate "2019.10.17"]
[SourceQuality "1"]

1. e4 e5 2. Bc4 Nf6 3. d3 Nc6 4. Nc3 Bc5 5. f4 d5 6. exd5 Ng4 7. Nf3 Nf2 8. Qe2 Nxh1 9. dxc6 0-0 10. Ne4 Bb6 11. Be3 exf4 12. Bxb6 axb6 13. 0-0-0 bxc6 14. Nfg5 h6 15. Qh5 Be6 16. Bxe6 fxe6 17. Nxe6 Qd5 18. Qg6 Qd7 19. Nxf8 Rxf8 20. Rxh1 Qd5 21. Nc3 Qd4 22. Qe6+ Kh8 23. Re1 f3 24. gxf3 Qf4+ 25. Qe3 Qxh2 26. Ne2 Qh4 27. Rg1 Qf6 28. f4 Qf7 29. b3 Re8 30. Qf2 Qf6 31. c3 c5 32. d4 cxd4 33. Nxd4 c5 34. Nb5 Re4 35. f5 Re5 36. Rg6 Qxf5 37. Qxf5 Rxf5 38. Rxb6 h5 39. Nd6 Rf1+ 40. Kd2 h4 41. Ne4 Rg1 42. a4 h3 43. Nf2 h2 44. Re6 Rg2 45. Re1 Rxf2+ 46. Ke3 Rc2 47. Kd3 Rg2 48. Rh1 g5 49. Ke3 g4 50. Kf4 g3 51. Kf3 Rg1 0-1

[Event "MEX-ch 26 (Women)"]
[Site "Merida"]
[Date "2019.05.15"]
[Round "4"]
[White "Cruz Ahumada, Gloria Athzi"]
[Black "Alarcon Morales, Elvira"]
[Result "0-1"]
[WhiteElo "1414"]
[BlackElo "1973"]
[PlyCount "82"]
[EventDate "2019.05.12"]
[EventType "swiss"]
[EventRounds "6"]
[EventCountry "MEX"]
[SourceTitle "EXT 2020"]
[Source "ChessBase"]
[SourceDate "2019.10.17"]
[SourceVersion "1"]
[SourceVersionDate "2019.10.17"]
[SourceQuality "1"]

1. e4 e5 2. Nf3 Nc6 3. Bc4 Nf6 4. d3 Be7 5. Nc3 d6 6. h3 a6 7. a3 0-0 8. 0-0 h6 9. Ne2 Re8 10. Ng3 Bf8 11. Re1 d5 12. Ba2 Be6 13. Bd2 Qd7 14. Qe2 Rad8 15. Rad1 g6 16. Bc3 d4 17. Bxe6 Qxe6 18. Bd2 Nb8 19. Bc1 c5 20. Bd2 b5 21. c3 Nc6 22. cxd4 exd4 23. Rc1 Nd7 24. Nh2 c4 25. dxc4 d3 26. Qg4 Nce5 27. Qxe6 Rxe6 28. cxb5 axb5 29. b3 Bxa3 30. Ra1 Bf8 31. Rec1 Nc5 32. Rab1 h5 33. f4 Ned7 34. Nf3 Nxe4 35. Nxe4 Rxe4 36. Re1 Bc5+ 37. Kf1 Nf6 38. Rxe4 Nxe4 39. Rb2 Ra8 40. g4 Ra1+ 41. Ne1 Bd4 0-1

[Event "Managua zt 2.3 (Women)"]
[Site "Managua"]
[Date "2015.11.05"]
[Round "5"]
[White "Alarcon Morales, Elvira"]
[Black "Granados Diaz, Maria Esther"]
[Result "1-0"]
[WhiteElo "1982"]
[BlackElo "1856"]
[PlyCount "93"]
[EventDate "2015.11.03"]
[EventType "swiss"]
[EventRounds "9"]
[EventCountry "NCA"]
[SourceTitle "EXT 2018"]
[Source "ChessBase"]
[SourceDate "2017.10.13"]
[SourceVersion "1"]
[SourceVersionDate "2017.10.13"]
[SourceQuality "1"]

1. e4 Nf6 2. e5 Nd5 3. d4 d6 4. Nf3 Nc6 5. Bb5 a6 6. Bxc6+ bxc6 7. c4 Nb6 8. Qe2 Bg4 9. 0-0 e6 10. Nc3 Be7 11. h3 Bxf3 12. Qxf3 Qd7 13. b3 0-0 14. Qg3 Kh8 15. exd6 cxd6 16. Bf4 f5 17. Rae1 Rae8 18. Re2 Nc8 19. Rd1 Rg8 20. h4 Bf6 21. Bg5 h6 22. Bc1 g5 23. hxg5 Bxg5 24. Bb2 Kh7 25. Qh2 Rg6 26. Rd3 Reg8 27. Kf1 Bf6 28. Bc1 Bg5 29. Bxg5 Rxg5 30. Rh3 R8g6 31. f4 Rg4 32. Nd1 e5 33. fxe5 Rxd4 34. Nf2 d5 35. c5 f4 36. Nd3 Qf5 37. Ne1 Re4 38. Rxe4 dxe4 39. Rh5 Qf7 40. Rh4 Ne7 41. Qxf4 Nf5 42. Kg1 Qd7 43. Rh3 e3 44. Qf3 Qd2 45. Qxf5 Qxe1+ 46. Kh2 Qd2 47. Rg3 1-0

[Event "Mexico City Garritas 11th"]
[Site "Mexico City"]
[Date "2014.11.07"]
[Round "1"]
[White "Alva Mahe, Mario Alberto"]
[Black "Alarcon Morales, Elvira"]
[Result "0-1"]
[WhiteElo "1488"]
[BlackElo "1993"]
[PlyCount "64"]
[EventDate "2014.11.07"]
[EventType "tourn"]
[EventRounds "5"]
[EventCountry "MEX"]
[SourceTitle "EXT 2018"]
[Source "ChessBase"]
[SourceDate "2017.10.13"]
[SourceVersion "1"]
[SourceVersionDate "2017.10.13"]
[SourceQuality "1"]

1. Nf3 f5 2. c4 Nf6 3. Nc3 d6 4. d4 e6 5. g3 Be7 6. Bg2 0-0 7. 0-0 Nbd7 8. Re1 Ne4 9. Qb3 Nxc3 10. Qxc3 Nf6 11. Bg5 h6 12. Bxf6 Bxf6 13. Rac1 g5 14. e3 g4 15. Nd2 c5 16. Nb3 Qc7 17. Qc2 h5 18. h4 gxh3 19. Bxh3 Qg7 20. Kh2 b6 21. Bg2 Rb8 22. dxc5 bxc5 23. Rcd1 Rb6 24. Rd2 h4 25. gxh4 Qh6 26. Bh3 Kf7 27. Rg1 Bxh4 28. Qd1 Rh8 29. Qf3 Bb7 30. Qf4 Bg5 31. Qg3 f4 32. Qg4 Be4 0-1

[Event "Mexico City Garritas 10th"]
[Site "Mexico City"]
[Date "2014.10.04"]
[Round "3"]
[White "Alarcon Morales, Elvira"]
[Black "Luna Javier, Edgar Froylan"]
[Result "1-0"]
[WhiteElo "1993"]
[BlackElo "1946"]
[PlyCount "71"]
[EventDate "2014.10.03"]
[EventType "swiss"]
[EventRounds "5"]
[EventCountry "MEX"]
[SourceTitle "EXT 2018"]
[Source "ChessBase"]
[SourceDate "2017.10.13"]
[SourceVersion "1"]
[SourceVersionDate "2017.10.13"]
[SourceQuality "1"]

1. e4 c5 2. c3 d5 3. exd5 Qxd5 4. d4 Nc6 5. Nf3 Bg4 6. Be2 e6 7. 0-0 Nf6 8. Na3 cxd4 9. Nb5 0-0-0 10. Nbxd4 e5 11. Nxc6 Qxc6 12. Qc2 Bd6 13. Be3 Bb8 14. c4 Qc7 15. g3 Nd5 16. Qb3 Nxe3 17. Qxe3 f5 18. c5 e4 19. c6 Bxf3 20. Bxf3 bxc6 21. Be2 Qb6 22. Qc3 Rd7 23. a4 Bd6 24. Rac1 Rc7 25. Qc4 Re8 26. Rfd1 Be5 27. b4 g5 28. Bh5 Ree7 29. Qg8+ Kb7 30. Rd8 Rcd7 31. Ra8 Qc7 32. a5 Rg7 33. a6+ Kxa6 34. Qa2+ Kb5 35. Be2+ Rd3 36. Rb8+ 1-0

[Event "Mexico City Garritas 09th"]
[Site "Mexico City"]
[Date "2014.09.07"]
[Round "4"]
[White "Del Castillo Escribano, Marcelo"]
[Black "Alarcon Morales, Elvira"]
[Result "0-1"]
[WhiteElo "1871"]
[BlackElo "1939"]
[PlyCount "80"]
[EventDate "2014.09.05"]
[EventType "swiss"]
[EventRounds "5"]
[EventCountry "MEX"]
[SourceTitle "EXT 2018"]
[Source "ChessBase"]
[SourceDate "2017.10.13"]
[SourceVersion "1"]
[SourceVersionDate "2017.10.13"]
[SourceQuality "1"]

1. d4 e6 2. c4 Nf6 3. Nc3 Bb4 4. Qc2 b6 5. Bg5 Bb7 6. a3 Bxc3+ 7. Qxc3 d6 8. f3 Nbd7 9. e4 e5 10. dxe5 dxe5 11. Ne2 Qe7 12. Ng3 g6 13. Bd3 Qc5 14. b4 Qd4 15. Qxd4 exd4 16. Kf2 0-0 17. Rad1 Kg7 18. Bf4 c5 19. e5 Nh5 20. Nxh5+ gxh5 21. Rhe1 Rfe8 22. Bf5 Nf8 23. Bg5 Ne6 24. Bf6+ Kg8 25. Be4 Bxe4 26. Rxe4 cxb4 27. axb4 Rec8 28. Rc1 a5 29. Be7 axb4 30. Rb1 Rxc4 31. Bxb4 Nc5 32. Bxc5 bxc5 33. Rb2 Rca4 34. Kg3 d3 35. Rf4 h4+ 36. Kg4 c4 37. Rd2 R8a5 38. Rd4 c3 39. R2xd3 c2 40. Rxa4 Rxa4+ 0-1

[Event "Mexico City Garritas-A 02nd"]
[Site "Mexico City"]
[Date "2014.02.24"]
[Round "1"]
[White "Luna Javier, Edgar Froylan"]
[Black "Alarcon Morales, Elvira"]
[Result "0-1"]
[WhiteElo "1885"]
[BlackElo "1921"]
[PlyCount "60"]
[EventDate "2014.02.24"]
[EventType "tourn"]
[EventRounds "5"]
[EventCountry "MEX"]
[SourceTitle "EXT 2018"]
[Source "ChessBase"]
[SourceDate "2017.10.13"]
[SourceVersion "1"]
[SourceVersionDate "2017.10.13"]
[SourceQuality "1"]

1. c4 e6 2. Nf3 Nf6 3. d4 d5 4. g3 dxc4 5. Bg2 Bb4+ 6. Bd2 c5 7. Bxb4 cxb4 8. Ne5 0-0 9. Nxc4 Nc6 10. e3 e5 11. d5 b5 12. dxc6 Qxd1+ 13. Kxd1 bxc4 14. Nd2 Bg4+ 15. Ke1 c3 16. bxc3 bxc3 17. Nc4 Rab8 18. Rc1 e4 19. Ne5 Rb2 20. h3 Be6 21. Rxc3 Rxa2 22. Rc1 Rc8 23. g4 h6 24. Rg1 a5 25. Bf1 a4 26. Bb5 a3 27. Nc4 Bxc4 28. Bxc4 Rb2 29. Ra1 Rxc6 30. Rxa3 Rxc4 0-1

[Event "Mexico City Garritas-B 01st"]
[Site "Mexico City"]
[Date "2014.01.21"]
[Round "3"]
[White "Luna Javier, Edgar Froylan"]
[Black "Alarcon Morales, Elvira"]
[Result "0-1"]
[WhiteElo "1877"]
[BlackElo "1921"]
[PlyCount "62"]
[EventDate "2014.01.20"]
[EventType "tourn"]
[EventRounds "5"]
[EventCountry "MEX"]
[SourceTitle "EXT 2018"]
[Source "ChessBase"]
[SourceDate "2017.10.13"]
[SourceVersion "1"]
[SourceVersionDate "2017.10.13"]
[SourceQuality "1"]

1. d4 f5 2. c4 Nf6 3. Nf3 e6 4. g3 Be7 5. Bg2 0-0 6. 0-0 d6 7. Nc3 Qe8 8. Qd3 Nc6 9. e4 Qh5 10. exf5 e5 11. dxe5 Bxf5 12. Qe2 dxe5 13. Bg5 Bg4 14. Qe3 h6 15. Bxf6 Rxf6 16. Nd2 Nd4 17. Nd5 Rf7 18. Nxe7+ Rxe7 19. Bxb7 Rd8 20. Bd5+ Kh8 21. f3 Bh3 22. Rfc1 c6 23. Be4 Red7 24. Rd1 Nf5 25. Qe1 Qg5 26. Nf1 Bxf1 27. Bxf5 Rxd1 28. Rxd1 Rxd1 29. Qxd1 Bxc4 30. Qd7 Qc1+ 31. Kg2 Qf1# 0-1

[Event "Mexico City Coyoacan 4th"]
[Site "Mexico City"]
[Date "2013.11.10"]
[Round "4"]
[White "Sandoval Mercado, Carlos"]
[Black "Alarcon Morales, Elvira"]
[Result "0-1"]
[WhiteElo "1887"]
[BlackElo "1955"]
[PlyCount "90"]
[EventDate "2013.11.08"]
[EventType "tourn"]
[EventRounds "6"]
[EventCountry "MEX"]
[SourceTitle "EXT 2018"]
[Source "ChessBase"]
[SourceDate "2017.10.13"]
[SourceVersion "1"]
[SourceVersionDate "2017.10.13"]
[SourceQuality "1"]

1. e4 e5 2. Nc3 Nf6 3. g3 d5 4. exd5 Nxd5 5. Bg2 Nxc3 6. bxc3 Bd6 7. Ne2 Nc6 8. Rb1 0-0 9. d3 Qe7 10. 0-0 Nd8 11. Re1 c6 12. h3 Be6 13. c4 Qd7 14. Kh2 f5 15. f4 exf4 16. Bxf4 Bxf4 17. Nxf4 g5 18. Nxe6 Nxe6 19. d4 f4 20. Qg4 fxg3+ 21. Qxg3 h6 22. d5 Nf4 23. dxc6 bxc6 24. Rbd1 Qc8 25. Rd6 Nxg2 26. Kxg2 Qf5 27. Rxh6 Qxc2+ 28. Kg1 Qf5 29. Rh5 Qc5+ 30. Kh1 Rf5 31. Qc7 Rf7 32. Qe5 Rf1+ 33. Rxf1 Qxe5 34. Rg1 Qe4+ 35. Rg2 Rf8 36. Rhxg5+ Kf7 37. R5g4 Qe5 38. Rg5 Qe6 39. R5g4 Ke8 40. Kh2 Qe5+ 41. R4g3 Rg8 42. h4 Rxg3 43. Rxg3 Kf7 44. Kh3 Qf5+ 45. Kh2 Qc2+ 0-1

[Event "Mexico City Coyoacan 4th"]
[Site "Mexico City"]
[Date "2013.11.09"]
[Round "2"]
[White "Luna Javier, Edgar Froylan"]
[Black "Alarcon Morales, Elvira"]
[Result "1/2-1/2"]
[WhiteElo "1863"]
[BlackElo "1955"]
[PlyCount "52"]
[EventDate "2013.11.08"]
[EventType "tourn"]
[EventRounds "6"]
[EventCountry "MEX"]
[SourceTitle "EXT 2018"]
[Source "ChessBase"]
[SourceDate "2017.10.13"]
[SourceVersion "1"]
[SourceVersionDate "2017.10.13"]
[SourceQuality "1"]

1. d4 f5 2. c4 Nf6 3. Nf3 g6 4. g3 Bg7 5. Bg2 0-0 6. 0-0 e6 7. Nc3 d6 8. Qd3 Qe8 9. e4 e5 10. dxe5 dxe5 11. Nh4 fxe4 12. Nxe4 Nxe4 13. Qxe4 Nc6 14. Re1 Qf7 15. Be3 Be6 16. b3 Rad8 17. Bc5 Rfe8 18. Rad1 Bf8 19. Rxd8 Nxd8 20. Bxf8 Rxf8 21. Nf3 Nc6 22. Re2 Bf5 23. Qd5 Be6 24. Qe4 Bf5 25. Qd5 Be6 26. Qe4 Bf5 1/2-1/2

[Event "Mexico City Jose Marti 5th"]
[Site "Mexico City"]
[Date "2013.10.18"]
[Round "5"]
[White "Sandoval Mercado, Carlos"]
[Black "Alarcon Morales, Elvira"]
[Result "1-0"]
[WhiteElo "1849"]
[BlackElo "1948"]
[PlyCount "71"]
[EventDate "2013.10.14"]
[EventType "tourn"]
[EventRounds "5"]
[EventCountry "MEX"]
[SourceTitle "EXT 2018"]
[Source "ChessBase"]
[SourceDate "2017.10.13"]
[SourceVersion "1"]
[SourceVersionDate "2017.10.13"]
[SourceQuality "1"]

1. e4 e5 2. Nc3 Nf6 3. g3 d5 4. exd5 Nxd5 5. Bg2 c6 6. Qe2 Nxc3 7. Qxe5+ Be7 8. Qxc3 0-0 9. Ne2 Bf6 10. d4 Bg4 11. Be3 Bxe2 12. Kxe2 Re8 13. Rad1 Nd7 14. Rhe1 Qb6 15. Kf1 Qa6+ 16. Kg1 Qxa2 17. Ra1 Qe6 18. Qd3 Qd6 19. Be4 g6 20. c4 Bg7 21. c5 Qf6 22. Bg2 a6 23. Qb3 Rab8 24. Bh3 Nf8 25. Bf4 Rxe1+ 26. Rxe1 Rd8 27. Qxb7 Qxd4 28. Bd6 Qd2 29. Re7 Qd1+ 30. Bf1 Qf3 31. Bc4 Bf6 32. Rxf7 Kh8 33. Rxf8+ Rxf8 34. Bxf8 Bd4 35. Qf7 Bxf2+ 36. Kf1 1-0

[Event "Mexico City Jose Marti 5th"]
[Site "Mexico City"]
[Date "2013.10.15"]
[Round "2"]
[White "Alarcon Morales, Elvira"]
[Black "Lopez Raygoza, Luis Alberto"]
[Result "1-0"]
[WhiteElo "1948"]
[BlackElo "2038"]
[PlyCount "45"]
[EventDate "2013.10.14"]
[EventType "tourn"]
[EventRounds "5"]
[EventCountry "MEX"]
[SourceTitle "EXT 2018"]
[Source "ChessBase"]
[SourceDate "2017.10.13"]
[SourceVersion "1"]
[SourceVersionDate "2017.10.13"]
[SourceQuality "1"]

1. e4 e5 2. Nf3 Nc6 3. Bb5 a6 4. Ba4 Nf6 5. d3 b5 6. Bb3 Bc5 7. c3 h6 8. h3 d6 9. 0-0 0-0 10. Re1 Bb7 11. Nbd2 Bb6 12. Nf1 Re8 13. Ng3 Qd7 14. Nh4 d5 15. exd5 Nxd5 16. Bxd5 Qxd5 17. Qg4 Kh8 18. Ngf5 Rg8 19. Qh5 Qe6 20. d4 Kh7 21. d5 Qxd5 22. Nxh6 g6 23. Nxg8+ 1-0

[Event "Mexico Coyoacan"]
[Site "Mexico City"]
[Date "2013.05.24"]
[Round "1"]
[White "Rodriguez Barragan, Luis E"]
[Black "Alarcon Morales, Elvira"]
[Result "0-1"]
[WhiteElo "1910"]
[BlackElo "1804"]
[PlyCount "66"]
[EventDate "2013.05.26"]
[EventType "tourn"]
[EventRounds "5"]
[EventCountry "MEX"]
[SourceTitle "EXT 2018"]
[Source "ChessBase"]
[SourceDate "2017.10.13"]
[SourceVersion "1"]
[SourceVersionDate "2017.10.13"]
[SourceQuality "1"]

1. d4 f5 2. c4 Nf6 3. Nc3 g6 4. Nf3 Bg7 5. g3 d6 6. Bg2 e6 7. 0-0 0-0 8. Qc2 Nc6 9. e4 e5 10. dxe5 dxe5 11. Re1 Nd4 12. Qd1 Nxe4 13. Nxe4 fxe4 14. Nxd4 exd4 15. Bxe4 Qf6 16. Qc2 c6 17. h4 Bf5 18. Bxf5 Qxf5 19. Qxf5 Rxf5 20. Re7 Rf7 21. Rxf7 Kxf7 22. Bd2 Re8 23. Re1 Rxe1+ 24. Bxe1 Ke6 25. Bd2 b5 26. cxb5 cxb5 27. Kg2 d3 28. b3 Kd5 29. Kf3 Bd4 30. g4 h5 31. g5 Bb6 32. b4 Kc4 33. Be1 Bd4 0-1